[Event "45. Torneo Internacional La Roda 2018"]
[Site "La Roda ESP"]
[Date "2018.03.31"]
[Round "6.12"]
[White "Gomez Sanjuan, Hector Fernando"]
[Black "Ramiro Ovejero, Juan Luis"]
[Result "0-1"]
[WhiteElo "2196"]
[BlackElo "2374"]
[PlyCount "68"]
[EventDate "2018.03.28"]
[EventType "swiss"]
[EventRounds "9"]
[EventCountry "ESP"]
[SourceTitle "Ajedrez en Madrid"]
[Source "lmi"]
[SourceDate "2018.03.28"]

1. d4 d6 2. Nf3 g6 3. e4 Bg7 4. Bc4 c6 5. Bb3 Nf6 6. Qe2 O-O 7. O-O Bg4 8. h3
Bxf3 9. Qxf3 d5 10. e5 Nfd7 11. c3 e6 12. Qg3 c5 13. Nd2 cxd4 14. cxd4 Nc6 15.
Nf3 f6 16. exf6 Nxf6 17. Be3 Ne4 18. Qg4 Qf6 19. Rad1 Nd6 20. Bc2 Nf5 21. Bxf5
exf5 22. Qg5 Qxg5 23. Bxg5 f4 24. Rfe1 h6 25. Be7 Rfe8 26. Bd6 Re4 27. Rxe4
dxe4 28. Nd2 e3 29. Nb3 g5 30. fxe3 fxe3 31. Re1 Nxd4 32. Rxe3 Nf5 33. Re6 Kf7
34. Nc5 b6 0-1

[Event "45. Torneo Internacional La Roda 2018"]
[Site "La Roda ESP"]
[Date "2018.03.31"]
[Round "6.13"]
[White "Gonzalez Trigal, Jose Luis"]
[Black "Martinez Fernandez, Adrian"]
[Result "1-0"]
[WhiteElo "2374"]
[BlackElo "2306"]
[PlyCount "37"]
[EventDate "2018.03.28"]
[EventType "swiss"]
[EventRounds "9"]
[EventCountry "ESP"]
[SourceTitle "Ajedrez en Madrid"]
[Source "lmi"]
[SourceDate "2018.03.28"]

1. d4 d5 2. c4 dxc4 3. Nf3 Nf6 4. e3 e6 5. Bxc4 c5 6. O-O a6 7. Bb3 cxd4 8.
exd4 Nc6 9. Nc3 Be7 10. Bg5 O-O 11. Re1 b5 12. Qd3 Nb4 13. Qe2 Bb7 14. Ne5 Nbd5
15. Bxf6 Nxc3 16. bxc3 Bxf6 17. Nxf7 Qc7 18. Qxe6 Qxf7 19. Qd7 1-0

[Event "45. Torneo Internacional La Roda 2018"]
[Site "La Roda ESP"]
[Date "2018.03.31"]
[Round "6.14"]
[White "Suarez Uriel, Adrian"]
[Black "Cabezas Ayala, Ivan"]
[Result "0-1"]
[WhiteElo "2412"]
[BlackElo "2297"]
[PlyCount "62"]
[EventDate "2018.03.28"]
[EventType "swiss"]
[EventRounds "9"]
[EventCountry "ESP"]
[SourceTitle "Ajedrez en Madrid"]
[Source "lmi"]
[SourceDate "2018.03.28"]

1. e4 e5 2. Nf3 Nc6 3. Bc4 Nf6 4. d3 Be7 5. O-O O-O 6. h3 d6 7. c3 Kh8 8. Re1
Ng8 9. d4 f5 10. exf5 d5 11. Bf1 e4 12. Nh2 Bxf5 13. Ng4 Nf6 14. Na3 Nxg4 15.
hxg4 Be6 16. Nc2 Bd6 17. g3 Rf3 18. Re3 Bxg4 19. Be2 Qf6 20. Bxf3 Bxf3 21. Qf1
Rf8 22. Ne1 Bg4 23. Ng2 Ne7 24. Re1 Qg6 25. Qb5 Bh3 26. Nh4 Qh5 27. Be3 a6 28.
Qe2 Bg4 29. Qd2 h6 30. Kg2 Bh3+ 31. Kg1 Qg4 0-1

[Event "45. Torneo Internacional La Roda 2018"]
[Site "La Roda ESP"]
[Date "2018.03.31"]
[Round "6.15"]
[White "Gomez Anadon, Daniel"]
[Black "Espinosa Aranda, Angel"]
[Result "1-0"]
[WhiteElo "2189"]
[BlackElo "2472"]
[PlyCount "91"]
[EventDate "2018.03.28"]
[EventType "swiss"]
[EventRounds "9"]
[EventCountry "ESP"]
[SourceTitle "Ajedrez en Madrid"]
[Source "lmi"]
[SourceDate "2018.03.28"]

1. e4 c5 2. Nc3 e6 3. Nf3 Nc6 4. d4 cxd4 5. Nxd4 Qc7 6. Be2 Nf6 7. O-O Be7 8.
Be3 O-O 9. f4 d6 10. Qe1 Nxd4 11. Bxd4 e5 12. Be3 exf4 13. Rxf4 Be6 14. Qg3 Nd7
15. Bg4 Bg5 16. Rf3 Bxe3+ 17. Rxe3 Ne5 18. Be2 a6 19. Kh1 b5 20. a3 Rac8 21.
Rd1 Qb6 22. h4 h6 23. h5 Qd8 24. Qf4 Qe7 25. Rg3 Rfd8 26. Bd3 Nxd3 27. Rgxd3
Rc5 28. Rxd6 Rxh5+ 29. Kg1 Qa7+ 30. Qf2 Rh1+ 31. Kxh1 Qxf2 32. Rxd8+ Kh7 33.
R8d2 Qf4 34. Rd3 h5 35. Rf3 Qh4+ 36. Kg1 Bg4 37. Rf4 g5 38. Rxf7+ Kg6 39. Rdf1
Bf5 40. R7xf5 g4 41. Nd5 g3 42. Nf4+ Kg7 43. Rxh5 Qe7 44. Rg5+ Kh7 45. Rxg3
Qxe4 46. Rff3 1-0

[Event "45. Torneo Internacional La Roda 2018"]
[Site "La Roda ESP"]
[Date "2018.03.31"]
[Round "6.16"]
[White "Quintin Navarro, Alberto"]
[Black "Dan, Teodor"]
[Result "1/2-1/2"]
[WhiteElo "2380"]
[BlackElo "2164"]
[PlyCount "86"]
[EventDate "2018.03.28"]
[EventType "swiss"]
[EventRounds "9"]
[EventCountry "ESP"]
[SourceTitle "Ajedrez en Madrid"]
[Source "lmi"]
[SourceDate "2018.03.28"]

1. d4 g6 2. c4 Bg7 3. Nc3 Nf6 4. e4 d6 5. Nf3 O-O 6. Be2 e5 7. d5 a5 8. Bg5 h6
9. Be3 Ng4 10. Bd2 f5 11. h3 Nf6 12. exf5 gxf5 13. Qc1 Kh7 14. g4 Na6 15. gxf5
Bxf5 16. Nh4 Qd7 17. Be3 Nb4 18. Nxf5 Qxf5 19. Kd2 e4 20. a3 Na6 21. Qc2 Kh8
22. Rag1 c6 23. dxc6 bxc6 24. Ke1 Nc5 25. Qd2 Ne8 26. Rg4 Nb3 27. Qd1 Rb8 28.
Rhg1 c5 29. Rxg7 Nxg7 30. Qxd6 Qe6 31. Qc7 Nf5 32. Bg4 Rg8 33. Bf4 Rbe8 34. Rg3
h5 35. Bxf5 Qxf5 36. Rxg8+ Kxg8 37. Nd5 e3 38. fxe3 Qb1+ 39. Kf2 Qc2+ 40. Kg3
Qg6+ 41. Kf2 Qc2+ 42. Kg3 Qg6+ 43. Kf2 Qc2+ 1/2-1/2

[Event "45. Torneo Internacional La Roda 2018"]
[Site "La Roda ESP"]
[Date "2018.03.31"]
[Round "6.17"]
[White "Martinez Lopez, David"]
[Black "Rodriguez Garcia, Manuel Fco"]
[Result "1-0"]
[WhiteElo "2368"]
[BlackElo "2169"]
[PlyCount "107"]
[EventDate "2018.03.28"]
[EventType "swiss"]
[EventRounds "9"]
[EventCountry "ESP"]
[SourceTitle "Ajedrez en Madrid"]
[Source "lmi"]
[SourceDate "2018.03.28"]

1. e4 c5 2. Nf3 Nc6 3. Nc3 e5 4. Bc4 Be7 5. d3 d6 6. Nd2 Nf6 7. Nf1 Bg4 8. f3
Be6 9. Ne3 O-O 10. O-O a6 11. a4 Nb4 12. Ncd5 Nbxd5 13. Bxd5 Nxd5 14. exd5 Bd7
15. a5 b5 16. axb6 Qxb6 17. Kh1 Qb7 18. Ra3 Rab8 19. Qe1 f5 20. Rb3 Qa8 21.
Rxb8 Rxb8 22. f4 exf4 23. Nxf5 Bxf5 24. Qxe7 Qxd5 25. Bxf4 Bh3 26. Rf2 Qd4 27.
Be3 Qd5 28. Bf4 Qe6 29. Qxe6+ Bxe6 30. Bxd6 Rc8 31. b3 h6 32. h3 Rc6 33. Be5
Bf7 34. Kh2 Re6 35. Bb2 Bg6 36. Ba3 Re5 37. g4 h5 38. Kg3 a5 39. Kf4 Rd5 40.
Re2 a4 41. bxa4 hxg4 42. hxg4 Rd4+ 43. Kg5 Bf7 44. Re4 Rd5+ 45. Kf4 g5+ 46. Ke3
Kg7 47. Bb2+ Kg6 48. Re5 c4 49. a5 cxd3 50. cxd3 Rd6 51. Rb5 Re6+ 52. Kd2 Re7
53. Bd4 Be6 54. Be3 1-0

[Event "45. Torneo Internacional La Roda 2018"]
[Site "La Roda ESP"]
[Date "2018.03.31"]
[Round "6.18"]
[White "Alvarez Serrano, Carlos"]
[Black "Martin Duque, Jesus"]
[Result "1/2-1/2"]
[WhiteElo "2186"]
[BlackElo "2345"]
[PlyCount "52"]
[EventDate "2018.03.28"]
[EventType "swiss"]
[EventRounds "9"]
[EventCountry "ESP"]
[SourceTitle "Ajedrez en Madrid"]
[Source "lmi"]
[SourceDate "2018.03.28"]

1. d4 Nf6 2. c4 e6 3. Nc3 Nc6 4. a3 d5 5. cxd5 exd5 6. Bg5 Be7 7. e3 O-O 8. Bd3
Be6 9. Qc2 h6 10. Bh4 Ne8 11. Bxe7 Nxe7 12. Nge2 Nd6 13. O-O c6 14. Nf4 Bf5 15.
f3 Bxd3 16. Qxd3 a6 17. e4 Nb5 18. Nxb5 axb5 19. e5 Qd7 20. g4 f6 21. Nh5 f5
22. h3 Kh8 23. Rae1 Ra4 24. Ng3 Qe6 25. Kh2 Raa8 26. Qd2 Kh7 1/2-1/2

[Event "45. Torneo Internacional La Roda 2018"]
[Site "La Roda ESP"]
[Date "2018.03.31"]
[Round "6.20"]
[White "Mingarro Carceller, Sergi"]
[Black "Rodriguez Garcia, Carlos"]
[Result "1-0"]
[WhiteElo "2323"]
[BlackElo "2083"]
[PlyCount "75"]
[EventDate "2018.03.28"]
[EventType "swiss"]
[EventRounds "9"]
[EventCountry "ESP"]
[SourceTitle "Ajedrez en Madrid"]
[Source "lmi"]
[SourceDate "2018.03.28"]

1. Nf3 d5 2. e3 Nf6 3. c4 c6 4. Nc3 e6 5. b3 Be7 6. Bb2 O-O 7. Qc2 c5 8. cxd5
exd5 9. d4 Nc6 10. Be2 Bg4 11. Rd1 cxd4 12. Nxd4 Nxd4 13. Rxd4 Bxe2 14. Qxe2
Qa5 15. O-O Rac8 16. Qd3 Rfd8 17. a3 Bd6 18. Nb5 Qb6 19. Nxd6 Rxd6 20. Rd1 Qa6
21. Qxa6 Rxa6 22. f3 Rc2 23. R4d2 Rxd2 24. Rxd2 Kf8 25. g4 g5 26. Rc2 Ke7 27.
Rc7+ Ke6 28. Rxb7 Nd7 29. a4 Nc5 30. Rb8 Rc6 31. Bd4 Kd6 32. a5 a6 33. Kf1 Nd7
34. Rh8 Nc5 35. b4 Nd3 36. Rxh7 Ke7 37. Rh5 Nxb4 38. Rxg5 1-0

[Event "45. Torneo Internacional La Roda 2018"]
[Site "La Roda ESP"]
[Date "2018.03.31"]
[Round "6.21"]
[White "Perez Pastora, Evarist"]
[Black "Figuero Toro, Julian Francisco"]
[Result "1/2-1/2"]
[WhiteElo "2114"]
[BlackElo "2309"]
[PlyCount "130"]
[EventDate "2018.03.28"]
[EventType "swiss"]
[EventRounds "9"]
[EventCountry "ESP"]
[SourceTitle "Ajedrez en Madrid"]
[Source "lmi"]
[SourceDate "2018.03.28"]

1. e4 e5 2. Nf3 Nc6 3. Bb5 a6 4. Ba4 Nf6 5. d4 exd4 6. O-O Be7 7. e5 Ne4 8.
Nxd4 O-O 9. Nf5 d5 10. exd6 Bxf5 11. dxe7 Nxe7 12. Qf3 Nc5 13. Bb3 Nxb3 14.
cxb3 Qd5 15. Qg3 Bxb1 16. Rxb1 c6 17. Qc7 Qe6 18. Bd2 Nd5 19. Qg3 Rfe8 20. Rfe1
Qd7 21. Bc3 f6 22. Rbd1 Qf5 23. Kf1 h5 24. Qd3 Rxe1+ 25. Bxe1 Qe5 26. g3 h4 27.
Bc3 Qh5 28. Qe2 Qf5 29. Re1 hxg3 30. hxg3 Kf7 31. Qe4 Qh3+ 32. Qg2 Qd7 33. Qe4
Rd8 34. b4 Qh3+ 35. Kg1 Qd7 36. Kg2 Rh8 37. Kg1 Rh5 38. Bd4 Rh8 39. Bc3 Nc7 40.
Qc4+ Qd5 41. Qxd5+ Nxd5 42. Kg2 Rd8 43. a4 Nb6 44. a5 Nd5 45. Kf3 Nc7 46. Re2
Rd5 47. Ke4 Ke6 48. Rd2 Rb5 49. Kd4 Rg5 50. Re2+ Kd6 51. Bd2 Ne6+ 52. Rxe6+
Kxe6 53. Bxg5 fxg5 54. Kc5 Kd7 55. Kb6 Kc8 56. Ka7 Kc7 57. g4 Kc8 58. Ka8 Kc7
59. Ka7 Kc8 60. f3 Kc7 61. Ka8 Kc8 62. Ka7 Kc7 63. Ka8 Kc8 64. Ka7 Kc7 65. Ka8
Kc8 1/2-1/2

[Event "45. Torneo Internacional La Roda 2018"]
[Site "La Roda ESP"]
[Date "2018.03.31"]
[Round "7.1"]
[White "Perez Candelario, Manuel"]
[Black "Fedorchuk, Sergey A."]
[Result "1-0"]
[WhiteElo "2586"]
[BlackElo "2642"]
[PlyCount "133"]
[EventDate "2018.03.28"]
[EventType "swiss"]
[EventRounds "9"]
[EventCountry "ESP"]
[SourceTitle "Ajedrez en Madrid"]
[Source "lmi"]
[SourceDate "2018.03.28"]

1. e4 e5 2. Nf3 Nc6 3. Bb5 Nf6 4. d3 Bc5 5. Bxc6 dxc6 6. Qe2 Nd7 7. Nbd2 O-O 8.
Nc4 Re8 9. Bd2 Bf8 10. g4 c5 11. O-O-O b5 12. Ne3 Nb8 13. g5 Nc6 14. Rhg1 Be6
15. Kb1 Qc8 16. Rg3 Qa6 17. c4 Nd4 18. Qf1 bxc4 19. dxc4 Rab8 20. Bc3 Bd6 21.
Nd2 Qa4 22. Qd3 Rb7 23. Rdg1 Reb8 24. h4 Rb6 25. Nc2 Ra6 26. a3 Nxc2 27. Qxc2
Qxa3 28. Kc1 Qa1+ 29. Qb1 Qa4 30. b3 Qc6 31. Qb2 Re8 32. h5 Rb6 33. h6 Bd7 34.
hxg7 a5 35. Bxa5 Ra6 36. Bc3 Rea8 37. Qc2 Ra2 38. Bb2 R8a6 39. Nb1 Ra1 40. Bxa1
Rxa1 41. Kd2 Qa8 42. Nc3 Ra7 43. Rh1 Be6 44. Ke2 Kxg7 45. Kf3 Bf5 46. Kg2 Bg6
47. Qd3 Ra2 48. Nd5 Qa5 49. Qf3 Qd2 50. Rh4 Qe1 51. Rgh3 Kf8 52. Rh1 Qd2 53.
Qf6 Ke8 54. Rg4 Qe2 55. Qf3 Qxf3+ 56. Kxf3 Rb2 57. Rg3 Rxb3+ 58. Kg4 Rb2 59. f3
Rc2 60. Ne3 Rc3 61. Re1 Kd7 62. Rg2 Kc6 63. Rc2 Rd3 64. Nd5 Bf8 65. Ra1 Bd6 66.
Rb2 Rd4 67. Nf6 1-0

[Event "45. Torneo Internacional La Roda 2018"]
[Site "La Roda ESP"]
[Date "2018.03.31"]
[Round "7.3"]
[White "Forcen Esteban, Daniel"]
[Black "Merario Alarcon, Andres"]
[Result "1/2-1/2"]
[WhiteElo "2564"]
[BlackElo "2384"]
[PlyCount "195"]
[EventDate "2018.03.28"]
[EventType "swiss"]
[EventRounds "9"]
[EventCountry "ESP"]
[SourceTitle "Ajedrez en Madrid"]
[Source "lmi"]
[SourceDate "2018.03.28"]

1. d4 d5 2. c4 e6 3. Nc3 c6 4. e3 Nf6 5. Nf3 Nbd7 6. Qc2 Bd6 7. b3 O-O 8. Bb2
e5 9. cxd5 cxd5 10. dxe5 Nxe5 11. Be2 Bg4 12. h3 Nxf3+ 13. gxf3 Bh5 14. Qd2 Rc8
15. Nb5 Bb8 16. Rg1 Bg6 17. Bd3 Re8 18. Nd4 Qd6 19. Rh1 a6 20. Bf5 Rcd8 21.
O-O-O Ba7 22. Bd3 Bc5 23. Kb1 Bb4 24. Qe2 Rc8 25. Bxg6 hxg6 26. Qd3 Qc5 27. h4
Qa5 28. Ne2 Rc5 29. Rc1 Rec8 30. Rxc5 Rxc5 31. Qd4 Ba3 32. Bc3 Qb5 33. Nf4 a5
34. Bb2 Bxb2 35. Kxb2 Qc6 36. Qd2 d4 37. e4 a4 38. Rc1 a3+ 39. Kb1 Nxe4 40.
fxe4 Rxc1+ 41. Qxc1 Qxe4+ 42. Ka1 d3 43. Nxd3 Qxd3 44. Qxa3 Qc3+ 45. Kb1 Qd3+
46. Kc1 Qf1+ 47. Kc2 Qxf2+ 48. Kd3 Qf3+ 49. Kd2 Kh7 50. Qe7 f5 51. b4 f4 52.
Ke1 Qg2 53. a4 Qg3+ 54. Kf1 f3 55. Qe3 Qg2+ 56. Ke1 Qh1+ 57. Kf2 Qxh4+ 58. Kxf3
Qxb4 59. Qe8 Qb3+ 60. Kg4 Qc4+ 61. Kg3 Qd3+ 62. Kh2 Qf3 63. Qe7 Qd5 64. Kg3
Qb3+ 65. Kg2 Qc2+ 66. Kg3 Qd3+ 67. Kg2 Qd5+ 68. Kg3 Kh6 69. Qe8 Qd3+ 70. Kf2
Qf5+ 71. Ke3 Kh7 72. Kd4 Qf3 73. Kc5 Qf6 74. a5 Qa6 75. Qd8 Qc6+ 76. Kb4 Qf6
77. Qe8 Qf3 78. Qd8 Qf5 79. Qh4+ Kg8 80. Qc4+ Kh7 81. Qh4+ Qh5 82. Qe4 Qh2 83.
Kb3 Qh3+ 84. Kb4 Qc8 85. Qf4 Kg8 86. Qe4 Qf8+ 87. Ka4 Qf7 88. Qd4 Qe8+ 89. Kb4
Qc6 90. Qe5 Qd7 91. Qb8+ Kf7 92. Qf4+ Ke8 93. Qb8+ Ke7 94. Qe5+ Kf7 95. Qf4+
Qf5 96. Qc7+ Kg8 97. Qc4+ Kh7 98. Qh4+ 1/2-1/2

[Event "45. Torneo Internacional La Roda 2018"]
[Site "La Roda ESP"]
[Date "2018.03.31"]
[Round "7.4"]
[White "Epishin, Vladimir"]
[Black "Ramiro Ovejero, Juan Luis"]
[Result "1/2-1/2"]
[WhiteElo "2551"]
[BlackElo "2374"]
[PlyCount "93"]
[EventDate "2018.03.28"]
[EventType "swiss"]
[EventRounds "9"]
[EventCountry "ESP"]
[SourceTitle "Ajedrez en Madrid"]
[Source "lmi"]
[SourceDate "2018.03.28"]

1. d4 Nf6 2. Nf3 d6 3. c4 g6 4. Nc3 Bf5 5. e3 Bg7 6. Bd3 Bd7 7. O-O O-O 8. h3
Nc6 9. e4 e5 10. d5 Nb4 11. Bb1 a5 12. a3 Na6 13. Bc2 Ne8 14. Rb1 c5 15. dxc6
bxc6 16. b4 axb4 17. axb4 c5 18. bxc5 Nxc5 19. Bg5 f6 20. Be3 Be6 21. Nd5 Rf7
22. Nd2 f5 23. exf5 gxf5 24. Re1 Nf6 25. Bxc5 dxc5 26. Nf3 Nd7 27. Ng5 Qxg5 28.
Nc7 e4 29. Nxe6 Qe7 30. Qd5 Re8 31. Nxg7 Kxg7 32. Ba4 Qe6 33. Red1 Qxd5 34.
Rxd5 Ree7 35. Bxd7 Rxd7 36. Rxc5 Rd2 37. g3 e3 38. fxe3 Ra7 39. Rc6 Kf7 40. c5
Ke7 41. Rh6 Raa2 42. Rxh7+ Kf6 43. Rb6+ Kg5 44. Rg7+ Kh5 45. Rh7+ Kg5 46. Rg7+
Kh5 47. Rh7+ 1/2-1/2

[Event "45. Torneo Internacional La Roda 2018"]
[Site "La Roda ESP"]
[Date "2018.03.31"]
[Round "7.5"]
[White "Oratovsky, Michael"]
[Black "Gonzalez Trigal, Jose Luis"]
[Result "1-0"]
[WhiteElo "2445"]
[BlackElo "2374"]
[PlyCount "119"]
[EventDate "2018.03.28"]
[EventType "swiss"]
[EventRounds "9"]
[EventCountry "ESP"]
[SourceTitle "Ajedrez en Madrid"]
[Source "lmi"]
[SourceDate "2018.03.28"]

1. e4 c6 2. d4 d5 3. Nd2 dxe4 4. Nxe4 Bf5 5. Ng3 Bg6 6. Nh3 Nf6 7. c3 Nbd7 8.
Bc4 e6 9. Nf4 Bd6 10. Qf3 Qe7 11. Nxg6 hxg6 12. Bg5 Qd8 13. O-O-O Qa5 14. h4
O-O-O 15. Rhe1 Rhf8 16. Ne4 Be7 17. Bb3 Qf5 18. Qe2 Rfe8 19. Nd2 Nb6 20. g3 Kb8
21. Nf3 Ng4 22. Bf4+ Bd6 23. Bd2 e5 24. dxe5 Nxe5 25. Nxe5 Rxe5 26. Qf1 Rxe1
27. Qxe1 Bc7 28. Bc2 Qa5 29. Bb3 Qf5 30. Qe2 Nc8 31. g4 Qf6 32. g5 Qf5 33. Bc2
Qa5 34. Kb1 Qc5 35. Be3 Rxd1+ 36. Qxd1 Qc4 37. Bd4 Bb6 38. Bb3 Qb5 39. Bxg7
Bxf2 40. Qf3 Qf1+ 41. Kc2 Qe1 42. Bxf7 a5 43. Bxg6 Bxh4 44. Qf4+ Ka8 45. Bd3
Bf2 46. Qf8 Kb8 47. Qf4+ Ka8 48. Qe5 Qg1 49. Qxa5+ Ba7 50. Bd4 Qg2+ 51. Kb3 c5
52. Bf6 Qd5+ 53. Bc4 Qd1+ 54. Ka3 Nb6 55. Qb5 Qg4 56. Bf7 Qf5 57. Qe8+ Bb8 58.
Qe6 Qxe6 59. Bxe6 c4 60. b4 1-0

[Event "45. Torneo Internacional La Roda 2018"]
[Site "La Roda ESP"]
[Date "2018.03.31"]
[Round "7.6"]
[White "Cabezas Ayala, Ivan"]
[Black "Ladron De Guevara Pinto, Paolo"]
[Result "1-0"]
[WhiteElo "2297"]
[BlackElo "2422"]
[PlyCount "93"]
[EventDate "2018.03.28"]
[EventType "swiss"]
[EventRounds "9"]
[EventCountry "ESP"]
[SourceTitle "Ajedrez en Madrid"]
[Source "lmi"]
[SourceDate "2018.03.28"]

1. e4 e6 2. d4 d5 3. Nc3 Nf6 4. e5 Nfd7 5. f4 c5 6. Nf3 Nc6 7. Be3 Qb6 8. Na4
Qc7 9. Nxc5 Nxd4 10. Bxd4 Bxc5 11. Bxc5 Nxc5 12. Qd4 Bd7 13. Bd3 Qa5+ 14. Ke2
Qb6 15. Rhd1 O-O 16. Kf1 f6 17. exf6 Rxf6 18. g3 Raf8 19. b4 Na4 20. Qxb6 Nxb6
21. Re1 Rc8 22. Kg1 Rc7 23. Re2 h6 24. h4 Nc8 25. Rae1 Nd6 26. Nd4 Kf7 27. h5
Bc8 28. Bg6+ Ke7 29. Bd3 Nf7 30. Nb5 Rd7 31. Nxa7 Rd8 32. Nb5 Bd7 33. Nd4 Ra8
34. Nf5+ Kf8 35. Ne3 Rxa2 36. Ng4 Rb2 37. b5 Nd6 38. Nxf6 gxf6 39. Rxe6 Bxe6
40. Rxe6 Ne4 41. Bxe4 dxe4 42. Rxf6+ Kg7 43. Rg6+ Kf7 44. Kf2 Rxb5 45. Rxh6 Rb2
46. Ke3 Rxc2 47. g4 1-0

[Event "45. Torneo Internacional La Roda 2018"]
[Site "La Roda ESP"]
[Date "2018.03.31"]
[Round "7.7"]
[White "Lopez Mulet, Inigo"]
[Black "Korneev, Oleg"]
[Result "1/2-1/2"]
[WhiteElo "2341"]
[BlackElo "2557"]
[PlyCount "30"]
[EventDate "2018.03.28"]
[EventType "swiss"]
[EventRounds "9"]
[EventCountry "ESP"]
[SourceTitle "Ajedrez en Madrid"]
[Source "lmi"]
[SourceDate "2018.03.28"]

1. d4 d5 2. c4 e6 3. g3 dxc4 4. Bg2 Nc6 5. Qa4 Qd6 6. Nf3 Qb4+ 7. Qxb4 Bxb4+ 8.
Bd2 Rb8 9. O-O Nge7 10. Rc1 b5 11. Bxb4 Nxb4 12. b3 cxb3 13. axb3 Nec6 14. Ne5
Nxe5 15. dxe5 Na6 1/2-1/2

[Event "45. Torneo Internacional La Roda 2018"]
[Site "La Roda ESP"]
[Date "2018.03.31"]
[Round "7.8"]
[White "Plazuelo Pascual, Juan"]
[Black "Popovic, Dusan"]
[Result "1/2-1/2"]
[WhiteElo "2330"]
[BlackElo "2534"]
[PlyCount "75"]
[EventDate "2018.03.28"]
[EventType "swiss"]
[EventRounds "9"]
[EventCountry "ESP"]
[SourceTitle "Ajedrez en Madrid"]
[Source "lmi"]
[SourceDate "2018.03.28"]

1. d4 Nf6 2. c4 g6 3. Nc3 Bg7 4. e4 O-O 5. f3 c6 6. Be3 d5 7. e5 Nfd7 8. cxd5
Nb6 9. dxc6 Nxc6 10. f4 Bf5 11. Rc1 Nd5 12. Nxd5 Qxd5 13. Qd2 Qxa2 14. Nf3 Be6
15. Be2 Rac8 16. O-O Qa5 17. Qxa5 Nxa5 18. Rxc8 Rxc8 19. Rc1 Rxc1+ 20. Bxc1 Bd5
21. Kf2 f5 22. exf6 exf6 23. Bd2 Nc4 24. Bc3 Kf7 25. g4 Nd6 26. Bb4 Bf8 27.
Bxd6 Bxd6 28. Ke3 a5 29. g5 a4 30. gxf6 Kxf6 31. Ng5 a3 32. bxa3 Bxa3 33. Nxh7+
Kg7 34. Ng5 Bc1+ 35. Kf2 Bxf4 36. Bf3 Bc4 37. Nh3 Bxh2 38. Bxb7 1/2-1/2

[Event "45. Torneo Internacional La Roda 2018"]
[Site "La Roda ESP"]
[Date "2018.03.31"]
[Round "7.9"]
[White "Mingarro Carceller, Sergi"]
[Black "Vasquez Schroeder, Rodrigo"]
[Result "1-0"]
[WhiteElo "2323"]
[BlackElo "2527"]
[PlyCount "61"]
[EventDate "2018.03.28"]
[EventType "swiss"]
[EventRounds "9"]
[EventCountry "ESP"]
[SourceTitle "Ajedrez en Madrid"]
[Source "lmi"]
[SourceDate "2018.03.28"]

1. e4 c5 2. Nf3 d6 3. Bb5+ Nd7 4. d4 Ngf6 5. Nc3 a6 6. Bxd7+ Nxd7 7. Bg5 h6 8.
Bh4 g5 9. Bg3 Bg7 10. O-O O-O 11. h3 f5 12. exf5 Rxf5 13. Re1 Rf7 14. Ne4 cxd4
15. Nxd4 Nf6 16. Nxf6+ Rxf6 17. Qd2 Qf8 18. Rad1 Qf7 19. b3 Bd7 20. c4 b5 21.
Rc1 e5 22. Ne2 bxc4 23. Rxc4 Bb5 24. Rc2 Rf8 25. Nc3 Bc6 26. Rd1 Qb7 27. Nd5
Re6 28. Qd3 Rf7 29. Qc4 Bb5 30. Qe4 Re8 31. a4 1-0

[Event "45. Torneo Internacional La Roda 2018"]
[Site "La Roda ESP"]
[Date "2018.03.31"]
[Round "7.10"]
[White "Cifuentes Parada, Roberto"]
[Black "Ortega Lopez, Mikel"]
[Result "1/2-1/2"]
[WhiteElo "2465"]
[BlackElo "2240"]
[PlyCount "76"]
[EventDate "2018.03.28"]
[EventType "swiss"]
[EventRounds "9"]
[EventCountry "ESP"]
[SourceTitle "Ajedrez en Madrid"]
[Source "lmi"]
[SourceDate "2018.03.28"]

1. Nf3 Nf6 2. c4 e6 3. g3 d5 4. Bg2 dxc4 5. Qa4+ c6 6. Qxc4 b5 7. Qb3 Bb7 8.
O-O Nbd7 9. d4 a6 10. a4 c5 11. axb5 Bd5 12. Qd1 axb5 13. Rxa8 Qxa8 14. Be3 c4
15. Nc3 Bc6 16. Qa1 Qb7 17. Qa5 Be7 18. Nh4 Bxg2 19. Nxg2 b4 20. Qb5 Qxb5 21.
Nxb5 O-O 22. Bf4 Ra8 23. Ne3 Nb6 24. Rc1 Ra5 25. Nd6 c3 26. bxc3 b3 27. Rb1
Nbd5 28. Nxd5 Nxd5 29. Nc4 Ra4 30. Nb2 Nxc3 31. Nxa4 Nxb1 32. Bc1 Bb4 33. Bb2
Kf8 34. e3 Nd2 35. Bc1 Ne4 36. Bb2 Nd2 37. Bc1 Ne4 38. Bb2 Nd2 1/2-1/2

[Event "45. Torneo Internacional La Roda 2018"]
[Site "La Roda ESP"]
[Date "2018.03.31"]
[Round "7.11"]
[White "Castellanos Gomez, Alejandro"]
[Black "Stankovic, Milos"]
[Result "1/2-1/2"]
[WhiteElo "2224"]
[BlackElo "2416"]
[PlyCount "53"]
[EventDate "2018.03.28"]
[EventType "swiss"]
[EventRounds "9"]
[EventCountry "ESP"]
[SourceTitle "Ajedrez en Madrid"]
[Source "lmi"]
[SourceDate "2018.03.28"]

1. b3 e5 2. Bb2 Nc6 3. e3 Nf6 4. Bb5 Bd6 5. Na3 Be7 6. f4 exf4 7. exf4 O-O 8.
Nc4 Bc5 9. d4 Re8+ 10. Ne2 Nxd4 11. Bxd4 Bxd4 12. Qxd4 a6 13. Nd6 cxd6 14. Bd3
Qa5+ 15. c3 b6 16. O-O Qc5 17. b4 Qd5 18. c4 Qc6 19. Qf2 Bb7 20. Nd4 Qc7 21.
Nf5 a5 22. Qg3 g6 23. Qg5 Ne4 24. Nh6+ Kg7 25. Nf5+ Kg8 26. Nh6+ Kg7 27. Nf5+
1/2-1/2

[Event "45. Torneo Internacional La Roda 2018"]
[Site "La Roda ESP"]
[Date "2018.03.31"]
[Round "7.12"]
[White "Pilgaard, Kim"]
[Black "Picazo Lopez, Juan Antonio"]
[Result "1-0"]
[WhiteElo "2397"]
[BlackElo "2222"]
[PlyCount "95"]
[EventDate "2018.03.28"]
[EventType "swiss"]
[EventRounds "9"]
[EventCountry "ESP"]
[SourceTitle "Ajedrez en Madrid"]
[Source "lmi"]
[SourceDate "2018.03.28"]

1. e4 d5 2. exd5 Nf6 3. d4 Nxd5 4. Nf3 g6 5. c4 Nb6 6. Nc3 Bg7 7. c5 Nd5 8. Bc4
Nxc3 9. bxc3 O-O 10. O-O Nc6 11. Re1 Bg4 12. Bg5 h6 13. Bh4 g5 14. Bg3 e5 15.
h3 Bxf3 16. Qxf3 exd4 17. cxd4 Qf6 18. Qxf6 Bxf6 19. Rab1 Bxd4 20. Bxc7 Bxc5
21. Rxb7 Rac8 22. Rd1 Nd8 23. Bxd8 Rcxd8 24. Bxf7+ Kh8 25. Rc1 Bb6 26. Rc6 Rd2
27. Rxh6+ Kg7 28. Rg6+ Kh8 29. Rxg5 Bxf2+ 30. Kh2 Be3 31. Rg4 Rd4 32. Rxd4 Bxd4
33. h4 Rc8 34. Bb3 Be5+ 35. Kh3 Rc3+ 36. Kg4 Rg3+ 37. Kf5 Bd4 38. Bd5 Rg7 39.
Rb8+ Kh7 40. g4 Bf2 41. h5 Be3 42. Be6 Bd2 43. Rc8 Be3 44. Ke4 Bd2 45. Bf5+ Kh6
46. Rc6+ Kg5 47. h6 Re7+ 48. Kd3 1-0

[Event "45. Torneo Internacional La Roda 2018"]
[Site "La Roda ESP"]
[Date "2018.03.31"]
[Round "7.13"]
[White "Gil Quilez, Sonia"]
[Black "Martinez Lopez, David"]
[Result "0-1"]
[WhiteElo "2069"]
[BlackElo "2368"]
[PlyCount "106"]
[EventDate "2018.03.28"]
[EventType "swiss"]
[EventRounds "9"]
[EventCountry "ESP"]
[SourceTitle "Ajedrez en Madrid"]
[Source "lmi"]
[SourceDate "2018.03.28"]

1. d4 e6 2. c4 Nf6 3. Nc3 Bb4 4. Qc2 d6 5. e4 c5 6. d5 exd5 7. exd5 O-O 8. Bd3
b5 9. cxb5 Bb7 10. Nge2 a6 11. bxa6 Nxa6 12. O-O Nc7 13. Bg5 h6 14. Bh4 Bxc3
15. Nxc3 Ncxd5 16. Nxd5 Bxd5 17. Rfd1 Be6 18. a4 Qe7 19. Qc3 Rfb8 20. Bb5 Rb6
21. Bxf6 Qxf6 22. Qxf6 gxf6 23. Ra3 Kf8 24. Rc1 Ke7 25. Kf1 Rc8 26. Rac3 Ra8
27. Rg3 Rab8 28. Ke1 h5 29. h4 Rxb5 30. axb5 Rxb5 31. Rc2 d5 32. Ra3 d4 33. Rd2
Kd6 34. f3 Ke5 35. Kf2 f5 36. Ra8 c4 37. Rd8 d3 38. Rh8 Kd4 39. f4 Ra5 40. Rxh5
Ra1 41. Rh8 Rc1 42. Ra8 Bd5 43. Ra3 Rh1 44. g3 Rh2+ 45. Ke1 Bg2 46. Ra7 Rh1+
47. Kf2 Bd5 48. Ra3 Rh3 49. Rc3 Rh2+ 50. Ke1 Bg2 51. Kf2 Bh3+ 52. Kg1 Rxd2 53.
h5 Rxb2 0-1